Visualizzazione normale
Vista MARC
- Blangiardo G.C., Carrà Mittini E., Casetti F., Cigoli V., Collicelli C., Donati P., Fanchi M.,
di Personal Name
Records bibliografici associati: 1
001 - CONTROL NUMBER
- control field: 62847
003 - CONTROL NUMBER IDENTIFIER
- control field:
005 - DATE AND TIME OF LATEST TRANSACTION
- control field: 20251204103637.0
008 - FIXED-LENGTH DATA ELEMENTS
- fixed length control field: 251204|| aca||aabn | a|a d
040 ## - CATALOGING SOURCE
- Original cataloging agency:
- Transcribing agency:
100 ## - HEADING--PERSONAL NAME
- Personal name: Blangiardo G.C., Carrà Mittini E., Casetti F., Cigoli V., Collicelli C., Donati P., Fanchi M.,
- Personal name: Ferrari S., Pontalti C., Prandini R., Rossi G., Salvatori F., Tamanza G
670 ## - SOURCE DATA FOUND
- Source citation: Work cat.: ()212041: Donati Pierpaolo (a cura di) 59326, Identità e varietà dell'essere famiglia: il fenomeno della "pluralizzazione"., 2001